giáo trình kinh tế chính trị Mác Lênin

Zapisane w:
Opis bibliograficzny
1. autor: Bộ Giáo Dục và Đào Tạo
Format: Książka
Język:Undetermined
Wydane: Hà Nội Chính trị quốc gia 2004
Etykiety: Dodaj etykietę
Nie ma etykietki, Dołącz pierwszą etykiete!
Thư viện lưu trữ: Trung tâm Học liệu Trường Đại học Cần Thơ
LEADER 00469nam a2200157Ia 4500
001 CTU_64333
008 210402s9999 xx 000 0 und d
020 |b 17500 
082 |a 335.412 
082 |b H108 
100 |a Bộ Giáo Dục và Đào Tạo 
245 0 |a giáo trình kinh tế chính trị Mác Lênin 
260 |a Hà Nội 
260 |b Chính trị quốc gia 
260 |c 2004 
980 |a Trung tâm Học liệu Trường Đại học Cần Thơ